000 01518nam a2200385 a 4500
999 _c207356
_d207356
003 BLK
005 20250718125801.0
008 180411b bul|||||r ||||||| ||bul||
010 _aKNG00217118000
020 _a9789546558244
040 _aBLK
041 _aBUL
_cBUL
080 _aАмериканска литература (на САЩ)
_b821.111(73)
_x-31
_z821.111(73)-31
100 1 _aГабриел, Мариус
_eпърви автор
_9269622
139 _aГабриел, Мариус
_bГ 13
245 1 0 _aДизайнерът
_cМариус Габриел ; прев. Гергана Дечева.
_bроман
257 _aUSA
260 _c2018
_9209457
_aСофия
_bБард
_fСофия : Алианс принт
300 _a350 с.
_c21 см
380 _aX
500 _aОриг. загл. The Designer / Marius Gabriel.
659 7 _9178160
_aН
_xНови книги
700 1 _aДечева, Гергана Петрова
_d1965 -
_gБлак, Вирджиния. Автор на проза. Журналист. Преводач от английски и немски език
_960306
700 _aНиколова, Елка
_eред.
_91311
765 _a The Designer
_cGabriel, Marius
852 _aЦб 292358
856 4 _qpdf
856 4 _qpdf
942 _cKNG
_n0
_087
944 _aCR
_c10.03.2018
_k30576
_lЦветомила Тодорова
944 _aED
_c20.03.2018
_kВиолета_Тройчева
999 _d207356
999 _d207356
999 _d207356